Վերլուծական յերկրաչափություն : (Record no. 168620)
[ view plain ]
| 000 -LEADER | |
|---|---|
| fixed length control field | 00795nam a2200193 a 4500 |
| 001 - CONTROL NUMBER | |
| control field | 000462424 |
| 003 - CONTROL NUMBER IDENTIFIER | |
| control field | AM-YeHGA |
| 005 - DATE AND TIME OF LATEST TRANSACTION | |
| control field | 20250618072520.0 |
| 008 - FIXED-LENGTH DATA ELEMENTS--GENERAL INFORMATION | |
| fixed length control field | 051108s1932 ai r 000 0 arm d |
| 040 ## - CATALOGING SOURCE | |
| Original cataloging agency | AM-YeHGA |
| 041 0# - LANGUAGE CODE | |
| Language code of text/sound track or separate title | arm |
| 090 ## - LOCALLY ASSIGNED LC-TYPE CALL NUMBER (OCLC); LOCAL CALL NUMBER (RLIN) | |
| -- | 170052 |
| 100 1# - MAIN ENTRY--PERSONAL NAME | |
| Personal name | Նավակատիկյան, Հովհ. |
| 9 (RLIN) | 4869 |
| 245 10 - TITLE STATEMENT | |
| Title | Վերլուծական յերկրաչափություն : |
| Remainder of title | Մաս / |
| Statement of responsibility, etc. | Պրոֆ. Հովհ. Նավակատիկյան. |
| 260 ## - PUBLICATION, DISTRIBUTION, ETC. | |
| Place of publication, distribution, etc. | Յերևան : |
| Name of publisher, distributor, etc. | Պետհրատ ուսմանկհրատբաժին, |
| Date of publication, distribution, etc. | 1932. |
| 300 ## - PHYSICAL DESCRIPTION | |
| Extent | Մաս. |
| 505 10 - FORMATTED CONTENTS NOTE | |
| Miscellaneous information | Մաս 1 (1932, 230 էջ : աղս.) |
| -- | Մաս Բ (1933, 144 էջ : աղս.) |
| -- | Մաս 2 (1937, 168 էջ : աղս.) / |
| Statement of responsibility | ՀՍԽՀ Պետական համալսարան |
| 650 14 - SUBJECT ADDED ENTRY--TOPICAL TERM | |
| Topical term or geographic name entry element | Մաթեմատիկա |
| General subdivision | Երկրաչափություն |
| Withdrawn status | Lost status | Damaged status | Not for loan | Collection | Home library | Current library | Date acquired | Cost, normal purchase price | Serial enumeration / chronology | Total checkouts | Full call number | Barcode | Date last seen | Price effective from | Koha item type | Public note |
|---|---|---|---|---|---|---|---|---|---|---|---|---|---|---|---|---|
| General | Fundamental Scientific Library | Fundamental Scientific Library | 28/12/2016 | 3.00 | 1 | AII/14109 | FL0012184 | 28/12/2016 | 28/12/2016 | Գրքեր / Books | 30 Days Loan | |||||
| General | Fundamental Scientific Library | Fundamental Scientific Library | 28/12/2016 | 3.00 | 2 | AII/14110 | FL0012185 | 28/12/2016 | 28/12/2016 | Գրքեր / Books | 30 Days Loan | |||||
| General | Fundamental Scientific Library | Fundamental Scientific Library | 28/12/2016 | 1 | AII/39089 | 220039089 | 28/12/2016 | 28/12/2016 | Գրքեր / Books | 30 Days Loan | ||||||
| General | Fundamental Scientific Library | Fundamental Scientific Library | 28/12/2016 | 2 | AII/39090 | 220039090 | 28/12/2016 | 28/12/2016 | Գրքեր / Books | 30 Days Loan |
ՀՀ Գիտությունների ազգային ակադեմիայի հիմնարար գիտական գրադարան = Fundamental Scientific Library of NAS RA
All site content, except where otherwise noted, is licensed under a